[Event "Wch U18 rapid"]
[Site "Batumi"]
[Date "2023.06.07"]
[Round "4"]
[White "Hommadov, Amanmuhammet"]
[Black "Tovmasyan, Karen"]
[Result "0-1"]
[WhiteElo "2190"]
[BlackElo "1748"]
[PlyCount "88"]
[EventDate "2023.06.06"]
[EventType "swiss (rapid)"]
[EventRounds "11"]
[EventCountry "GEO"]
[SourceTitle "CBM 214 Extra"]
[Source "ChessBase"]
[SourceDate "2023.07.31"]
[SourceVersion "1"]
[SourceVersionDate "2023.07.31"]
[SourceQuality "1"]

1. e4 c5 2. Nf3 Nc6 3. d4 cxd4 4. Nxd4 g6 5. Nc3 Bg7 6. Be3 Nf6 7. Bc4 0-0 8. Bb3 d6 9. f3 Na5 10. Qd2 Nxb3 11. axb3 Bd7 12. 0-0 a6 13. Nd5 Nxd5 14. exd5 e5 15. dxe6 fxe6 16. c4 Qe7 17. Rad1 Rad8 18. Rfe1 Rfe8 19. Ne2 Bc6 20. Nc3 d5 21. Bb6 Rd7 22. Qe3 dxc4 23. Rxd7 Bxd7 24. bxc4 Qb4 25. Bd4 e5 26. Bc5 Qxc4 27. Rd1 Bc6 28. h3 Qb3 29. Rd2 Qf7 30. Ne4 Bxe4 31. Qxe4 Qc7 32. Qd5+ Qf7 33. Qe4 Rc8 34. Be3 b5 35. Rd6 a5 36. Rb6 Qc4 37. Qb7 Rd8 38. Rxb5 Qe2 39. Bb6 Qxb5 40. Qc7 Rf8 41. Bc5 Re8 42. Bd6 Bf8 43. Bxf8 Rxf8 44. Qc3 Qb6+ 0-1

[Event "Wch U18 rapid"]
[Site "Batumi"]
[Date "2023.06.07"]
[Round "6"]
[White "Sahakyan, Aleks"]
[Black "Tovmasyan, Karen"]
[Result "1-0"]
[WhiteElo "2277"]
[BlackElo "1748"]
[PlyCount "105"]
[EventDate "2023.06.06"]
[EventType "swiss (rapid)"]
[EventRounds "11"]
[EventCountry "GEO"]
[SourceTitle "CBM 214 Extra"]
[Source "ChessBase"]
[SourceDate "2023.07.31"]
[SourceVersion "1"]
[SourceVersionDate "2023.07.31"]
[SourceQuality "1"]

1. d4 d5 2. c4 c6 3. Nf3 Nf6 4. Qc2 a6 5. g3 g6 6. Bg2 Bg7 7. 0-0 0-0 8. Bf4 Bf5 9. Qb3 b5 10. cxd5 cxd5 11. a4 bxa4 12. Qb7 Nbd7 13. Rxa4 Qc8 14. Qb4 Bxb1 15. Rxb1 Qc2 16. Re1 Rfc8 17. Raa1 Qc4 18. Qa3 e6 19. Rec1 Qxe2 20. Bf1 Qe4 21. Re1 Bf8 22. Qb3 Qc2 23. Qb7 Qc6 24. Bxa6 Qxb7 25. Bxb7 Rxa1 26. Rxa1 Rc2 27. Rb1 Ne4 28. Be3 Nb6 29. Ba6 Nc4 30. Bxc4 dxc4 31. Ne1 Re2 32. Nf3 Bb4 33. Kf1 Rc2 34. Ne1 Bxe1 35. Kxe1 c3 36. bxc3 Rxc3 37. Rb8+ Kg7 38. d5 Rd3 39. dxe6 fxe6 40. Rb7+ Kg8 41. Bh6 Rd8 42. Rg7+ Kh8 43. Re7 Nc5 44. Ke2 Kg8 45. Rg7+ Kh8 46. Rc7 Ne4 47. Bg7+ Kg8 48. Be5 Rd5 49. f4 Ng5 50. Bf6 Ne4 51. Be5 Ng5 52. Re7 Nf7 53. Re8# 1-0

[Event "Poti op 15th"]
[Site "Poti"]
[Date "2022.07.16"]
[Round "1"]
[White "Tovmasyan, Karen"]
[Black "Chaqryan, Erik"]
[Result "1/2-1/2"]
[WhiteElo "1996"]
[BlackElo "2369"]
[PlyCount "142"]
[EventDate "2022.07.16"]
[EventType "swiss"]
[EventRounds "9"]
[EventCountry "GEO"]
[SourceTitle "CBM 209 Extra"]
[Source "ChessBase"]
[SourceDate "2022.09.30"]
[SourceVersion "1"]
[SourceVersionDate "2022.09.30"]
[SourceQuality "1"]

1. e4 c6 2. d4 d5 3. Nc3 dxe4 4. Nxe4 Bf5 5. Ng3 Bg6 6. h4 h6 7. Nh3 e6 8. Nf4 Bh7 9. c3 Nf6 10. Bc4 Bd6 11. Ngh5 0-0 12. g4 Bxf4 13. Bxf4 Nxh5 14. gxh5 Qf6 15. Be5 Qf5 16. Rg1 f6 17. Qb3 Qe4+ 18. Be2 Rf7 19. Bxf6 Nd7 20. Bxg7 Rxg7 21. Rxg7+ Kxg7 22. Qxb7 Qh1+ 23. Bf1 Rd8 24. Qc7 Qxh4 25. 0-0-0 Qxf2 26. Bd3 Qe3+ 27. Rd2 Qg5 28. Bxh7 Kxh7 29. Qxc6 Nf6 30. Qxe6 Nxh5 31. d5 Ng7 32. Qf7 Rd6 33. Qxa7 Rxd5 34. Qf2 Nf5 35. Qg2 Qxg2 36. Rxg2 h5 37. c4 Rc5 38. b3 Kh6 39. Kd2 h4 40. Kd3 Kh5 41. b4 Rc8 42. c5 h3 43. Rh2 Kg4 44. Kc4 Nd6+ 45. Kd5 Nb5 46. Kc4 Nd6+ 47. Kd5 Ne8 48. b5 Nf6+ 49. Kd4 Rd8+ 50. Kc4 Rd1 51. a4 Rc1+ 52. Kd4 Nd7 53. c6 Nc5 54. a5 Nb3+ 55. Kd5 Nxa5 56. Ra2 Nc4 57. Kc5 Kg3 58. Ra8 h2 59. Rg8+ Kf4 60. Rh8 Ne5+ 61. Kb6 h1Q 62. Rxh1 Rxh1 63. c7 Rc1 64. Kb7 Nc4 65. Ka7 Nd6 66. b6 Ra1+ 67. Kb8 Rb1 68. Ka8 Ra1+ 69. Kb8 Rb1 70. Ka8 Ra1+ 71. Kb8 Ke5 1/2-1/2

[Event "Jermuk Asrian Memorial 13th"]
[Site "Jermuk"]
[Date "2022.06.07"]
[Round "1"]
[White "Andriasian, Zaven"]
[Black "Tovmasyan, Karen"]
[Result "1-0"]
[WhiteElo "2584"]
[BlackElo "1857"]
[PlyCount "87"]
[EventDate "2022.06.07"]
[EventType "swiss"]
[EventRounds "9"]
[EventCountry "ARM"]
[SourceTitle "CBM 209 Extra"]
[Source "ChessBase"]
[SourceDate "2022.09.30"]
[SourceVersion "1"]
[SourceVersionDate "2022.09.30"]
[SourceQuality "1"]

1. e4 c5 2. Nf3 Nc6 3. Bb5 g6 4. Bxc6 dxc6 5. d3 Bg7 6. h3 Nf6 7. Nc3 Nd7 8. Be3 e5 9. Qd2 h6 10. 0-0 b6 11. a3 Nf8 12. b4 Ne6 13. bxc5 f5 14. exf5 gxf5 15. Qe1 e4 16. dxe4 f4 17. Rd1 Qe7 18. Bd2 Ng5 19. Qe2 0-0 20. Rfe1 Qf7 21. Nxg5 hxg5 22. e5 Qg6 23. e6 Re8 24. e7 b5 25. Qf3 g4 26. Qxf4 gxh3 27. g3 Bg4 28. f3 Bf5 29. g4 Bxc2 30. Rc1 a5 31. Ne4 Bxe4 32. Rxe4 b4 33. Qe3 Ra7 34. Re1 Rd7 35. axb4 axb4 36. Bxb4 Rexe7 37. Rxe7 Bd4 38. Qxd4 Rxd4 39. Re8+ Kh7 40. R1e7+ Kh6 41. Re6 Rxb4 42. Rxg6+ Kxg6 43. Kh2 Rc4 44. Re6+ 1-0